000 00646nam a2200217 i 4500
001 000039271
003 DO-SdBNP
005 20250612101421.0
007 ta
008 130619s1986 dr 000 0 spa d
040 _aDO-SdBNP
_bspa
_cBNPHU
_erda
041 _aspa
082 4 _222
_axxx
_bxxx
245 0 0 _aColección de leyes, decretos y resoluciones de los poderes legislativo y ejecutivo de la República.
264 1 _aSanto Domingo :
_bAlfa y Omega,
_c1986.
300 _a687 páginas ;
_c20 cm.
336 _2rdacontent
_atexto
_btxt
337 _2rdamedia
_asin mediación
_bn
338 _2rdacarrier
_avolumen
_bnc
942 _2ddc
_cLBS1
999 _c38761
_d38761